000 00305nam a22001337a 4500
008 170814b xxu||||| |||| 00| 0 eng d
020 _ax0000wj8uh
041 _aeng
080 _26TH
_a51
100 _a36
101 _aMAT
245 _aINTRODUCTORY MATHETICAL ANALYSIS
_cHAEUSSLER,.F
942 _2udc
_cBK
999 _c23280
_d23280